Tilastot visalle Kaupungit, joissa on eniten pilvenpiirtäjiä

Klikkaa tästä pelataksesi tätä visaa!

Yleistilastot

  • Tätä visaa on pelattu 541 kertaa
    (208 viimeisimmän päivityksen jälkeen)
  • Keskiarvotulos 16 / 28

Vastaustilastot

#MaanosaKaupunki% Oikein
314P-AmerikkaNew York
99%
167AasiaTokio
95%
62AasiaPeking
93%
183AasiaShanghai
88%
82AasiaSoul
76%
110AasiaBangkok
75%
135P-AmerikkaChicago
75%
251AasiaDubai
75%
95AasiaSingapore
75%
553AasiaHongkong
72%
112AasiaJakarta
70%
73OseaniaMelbourne
68%
154AasiaKuala Lumpur
66%
81P-AmerikkaToronto
66%
86AasiaMumbai
64%
188AasiaKanton
62%
133AasiaWuhan
60%
144AasiaChongqing
40%
66P-AmerikkaPanama
40%
74AasiaTianjin
39%
117AasiaChengdu
37%
71AasiaNanjing
37%
368AasiaShenzhen
36%
65AasiaHangzhou
33%
77AasiaBusan
32%
82AasiaNanning
25%
59AasiaChangsha
24%
97AasiaShenyang
24%

Tulosjakauma

Persentiili vastausten määrän mukaan

Jokaisen tuloksen saaneiden osuus

Tuloshistoriasi

Et ole pelannut tätä visaa sen viimeisimmän päivityksen jälkeen